00623nam a22001937a 450000500170000001000150001702000270003202000240005903500130008303700130009608200160010924501200012526000400024527000520028530000270033750000190036470000200038370000260040320150107114147.0 aENG-111498 a9788174878724c1250.00 a8174878726c1250.00 aEN-95030 bDBAD/PUB a363.3250954 aTerrorism in South Asia :cedited by Rajendra Prasad [and] Satish Chandra Pandeybissues,challenges and responses / aNew DelhibRadha Publicationsc2014 a4231/1,Ansari Road,DaryaganjbNew Delhie110002 axviii,524p. c22cm(Hb) aIncludes index aRajendra Prasad aPandey,Satish Chandra